00323nam a2200121 a 4500008004100000020001500041050001900056100001900075245002300094246003500117260004000152350000900192120416s0000 ||||||||||||||||| || u a0471133884 aHF 5686.E9 Cla aClark, Suzanne10aEstates and trusts aa guide for fiduciary advisors aNew YorkbJohn Wiley and Sonsc1996 a0.00